| Tag |
First Indicator |
Second Indicator |
Subfields |
| LEADER |
00000cam a2200000 a 4500 |
| 001 |
in00000009574 |
| 005 |
20151007051622.0 |
| 008 |
840321s1983 nyua b 00110 eng |
| 010 |
|
|
|a 82060479
|
| 020 |
|
|
|a 0312613911
|
| 020 |
|
|
|a 0312613938 (pbk.)
|
| 035 |
|
|
|a (OCoLC)09457971
|
| 035 |
|
|
|9 AAA3944AM
|
| 040 |
|
|
|a DLC
|c DLC
|d m/c
|d TXA
|d UtOrBLW
|
| 043 |
|
|
|a n-usp--
|a n-usc--
|
| 049 |
|
|
|a TXAM
|c [A11460943]
|
| 050 |
0 |
0 |
|a HQ535
|b .M39 1983
|
| 082 |
0 |
|
|a 306.8/5/0978
|2 19
|
| 100 |
1 |
|
|a McNall, Scott G.
|
| 245 |
1 |
0 |
|a Plains families :
|b exploring sociology through social history /
|c Scott G. McNall, Sally Allen McNall.
|
| 264 |
|
1 |
|a New York :
|b St. Martin's Press,
|c [1983]
|
| 264 |
|
4 |
|c ©1983
|
| 300 |
|
|
|a xiii, 328 pages :
|b illustrations ;
|c 24 cm.
|
| 336 |
|
|
|a text
|b txt
|2 rdacontent
|
| 337 |
|
|
|a unmediated
|b n
|2 rdamedia
|
| 338 |
|
|
|a volume
|b nc
|2 rdacarrier
|
| 504 |
|
|
|a Bibliography: pages 307-321.
|
| 500 |
|
|
|a Includes index.
|
| 650 |
|
0 |
|a Families
|z West (U.S.)
|x History
|x Case studies.
|
| 650 |
|
0 |
|a Families
|z Middle West
|x History
|x Case studies.
|
| 651 |
|
0 |
|a West (U.S.)
|x Social conditions.
|
| 651 |
|
0 |
|a Middle West
|x Social conditions.
|
| 650 |
|
0 |
|a Sociology.
|
| 700 |
1 |
|
|a McNall, Sally Allen.
|
| 999 |
|
|
|a MARS
|
| 999 |
f |
f |
|s cfc44bdb-0edf-365d-ac56-516d58a06500
|i 958cf022-a5b7-3207-8d03-1ebb9c118e5a
|t 0
|
| 952 |
f |
f |
|p ric
|a Texas A&M University
|b Rellis Campus
|c Joint Library Facility
|d Remote Storage
|t 0
|e HQ535 .M39 1983
|h Library of Congress classification
|i unmediated -- volume
|m A14811460943
|
| 998 |
f |
f |
|a HQ535 .M39 1983
|t 0
|l Remote Storage
|